000 00811nam a22002657a 4500
003 CHAP
005 20220329135649.0
008 971013s r 00010 d
010 _a40145
011 _a41117
035 _a45243
040 _cCHAP
082 _a581.947
_bF5
245 _aFlora or the U.S.S.R.
260 _aJerusalem :
_bIsrael Program for Scientific Translations,
_c19 - .
300 _av.
_b: ilus. ; mapas
500 _aLa biblioteca tiene : v.18 (Metachlamydae)
590 _aBATCH-UPD
_b10
_c20130410
_lUCH01
_h1212
590 _aBATCH-UPD
_b10
_c20130914
_lUCH01
_h0731
590 _aCONVERSION
_b10
_c20130109
_lUCH01
_h1322
650 1 4 _aBotánica
_xU.R.S.S.
_914629
901 _aBK
942 _cLIBRO
949 _a581.947 F5
_bBC
_cLIBRO
_d33724000449336
_eLIBRO
_fv.18
_h11164
_i45243
_si
999 _c40145
_d40145